Statistics for Mario and Sonic at the Olympic Games Cities

Click here to take the quiz!

General Stats

  • This quiz has been taken 133 times
    (92 since last reset)
  • The average score is 5 of 6

Answer Stats

Year HeldCity% Correct
2012London
96%
2020Tokyo
93%
2016Rio de Janeiro
90%
2014Sochi
75%
2008Beijing
74%
2010Vancouver
62%

Score Distribution

Percentile by Number Answered

Percent of People with Each Score

Your Score History

You have not taken this quiz since the last reset